Disney's Pinocchio / (Record no. 13586)

MARC details
000 -LEADER
fixed length control field 02496nam a22004097a 4500
001 - CONTROL NUMBER
control field B-262371-379
003 - CONTROL NUMBER IDENTIFIER
control field dpl
005 - DATE AND TIME OF LATEST TRANSACTION
control field 20080602112520.0
008 - FIXED-LENGTH DATA ELEMENTS--GENERAL INFORMATION
fixed length control field 080602t xxu||||| |||| 00| 0 eng d
010 ## - LIBRARY OF CONGRESS CONTROL NUMBER
LC control number B-262371-379
020 ## - INTERNATIONAL STANDARD BOOK NUMBER
International Standard Book Number 1741119650
Terms of availability 199.00
035 ## - SYSTEM CONTROL NUMBER
System control number B-262371-379
037 ## - SOURCE OF ACQUISITION
Stock number 43778 dt/ 22.4.2008
Source of stock number/acquisition Super Book Distributors/22.4.08/27/8.4.08/19.5.08/199.00/
040 ## - CATALOGING SOURCE
Original cataloging agency DPL
Language of cataloging EN
082 ## - DEWEY DECIMAL CLASSIFICATION NUMBER
Classification number S
245 ## - TITLE STATEMENT
Title Disney's Pinocchio /
Statement of responsibility, etc adapted by Nancy Parent; illustrated by Atelier Philppe Hadrchy
260 ## - PUBLICATION, DISTRIBUTION, ETC. (IMPRINT)
Place of publication, distribution, etc Australia
Name of publisher, distributor, etc funtastic
Date of publication, distribution, etc 2005
260 ## - PUBLICATION, DISTRIBUTION, ETC. (IMPRINT)
Place of publication, distribution, etc New Delhi
Name of publisher, distributor, etc Super Book Distributors
270 ## - ADDRESS
Address 800 Wellington Road, Rowville, Victoria 3178
City Australia
270 ## - ADDRESS
Address F-1/16, Basement Ansari Road, Darya Ganj
City New Delhi
300 ## - PHYSICAL DESCRIPTION
Extent 95p.
Other physical details col. ill.
Dimensions 27cm.(Hb)
490 ## - SERIES STATEMENT
Series statement Classic story book collection
700 ## - ADDED ENTRY--PERSONAL NAME
Personal name Parent, Nancy
700 ## - ADDED ENTRY--PERSONAL NAME
Personal name Harchy, Atelier Philippe
942 ## - ADDED ENTRY ELEMENTS (KOHA)
Source of classification or shelving scheme Dewey Decimal Classification
Koha item type Children Books
Classification part S
Call number suffix DIS
Holdings
Withdrawn status Lost status Source of classification or shelving scheme Damaged status Not for loan Collection code Home library Current library Date acquired Source of acquisition Cost, normal purchase price Total Checkouts Full call number Barcode Date last seen Copy number Cost, replacement price Price effective from Koha item type Public note Total Renewals Date checked out
          Fiction Central Library Central Library 03/07/2008   199.00   S / DIS B-262371 15/09/2008 1 199.00 15/09/2008 Children Books      
          Fiction Jor Bagh (Children Lib) Jor Bagh (Children Lib) 03/07/2008   199.00   S / DIS B-262376 15/09/2008 1 199.00 15/09/2008 Children Books      
          Fiction Karol Bagh Karol Bagh 03/07/2008   199.00   S / DIS B-262377 15/09/2008 1 199.00 15/09/2008 Children Books      
          Fiction Kasturba Gandhi Marg Kasturba Gandhi Marg 03/07/2008   199.00   S / DIS B-262373 15/09/2008 1 199.00 15/09/2008 Children Books      
Written off         Fiction Narela Narela 03/07/2008   199.00   S / DIS B-262378 15/09/2008 1 199.00 15/09/2008 Children Books Written off on approval by DLB (By Circulation); dtd 20.12.2022    
Withdrawn         Fiction Patel Nagar Patel Nagar 03/07/2008   199.00   S / DIS B-262372 15/09/2008 1 199.00 15/09/2008 Children Books      
Written off Written-off vide DLB M. No. 388 dt 23.02.22 Dewey Decimal Classification     Fiction Peshwa Road Peshwa Road 03/07/2008   199.00   S / DIS B-262374 15/09/2008 1 199.00 15/09/2008 Children Books      
          Fiction Sarojini Nagar Sarojini Nagar 03/07/2008   199.00   S / DIS B-262375 15/09/2008 1 199.00 15/09/2008 Children Books      
    Dewey Decimal Classification     Fiction Shahdara Branch Shahdara Branch 12/06/2008 Super Book Distributors/22.4.08/27/8.4.08/19.5.08/199.00/ 199.00   S / DIS B-262379 15/09/2008 1 199.00 15/09/2008 Children Books      
          Fiction Vinoba Puri Vinoba Puri 12/09/2008 Super Book/45019/4.8.08/214/21.7.08/13.8.08 199.00 38 S DIS B-284453 13/03/2021 1 199.00 15/09/2008 Children Books   3 20/02/2021

© Delhi Public Library
Hit Counter
free hit counter